00506nam a2200157 i 4500001000700000003000900007007000300016008004100019100002400060245008800084260003700172300002200209490004800231830004800279852002100327101867ES-MaACLt|051026s1911 fr ||||1| fre d1 aMénard, Alphonse.10aAnalyse et critique des principes de la psychologie de W. James /cpar A. Ménard. aParis : bFélix Alcan, c1911. a466 p. ; c22 cm.1 aBibliothèque de philosophie contemporaine0 aBibliothèque de philosophie contemporaine aES-MaACLjB-6873